[Event "5th EKA IIFL Investment 2019"]
[Site "Mumbai"]
[Date "2020.01.06"]
[Round "8.2"]
[White "Vaibhav, Suri"]
[Black "Stupak, Kirill"]
[Result "1/2-1/2"]
[WhiteElo "2597"]
[BlackElo "2529"]
[Annotator "TA"]
[PlyCount "116"]
[EventDate "2019.12.30"]
[EventType "swiss"]
[EventCountry "IND"]
[SourceTitle "playchess.com"]
[Source "ChessBase"]
[SourceQuality "1"]

{[%evp 12,116,13,8,6,20,12,19,10,18,14,20,50,49,41,37,65,54,55,64,56,58,55,55,62,46,72,81,134,101,165,171,163,157,163,166,258,188,201,200,188,211,190,204,318,296,305,284,273,102,225,183,167,171,144,86,74,72,179,106,139,25,206,195,162,33,68,0,234,0,0,0,0,0,0,0,0,0,0,-133,-150,-279,-286,-282,-157,-229,0,0,0,0,0,0,0,0,0,0,0,0,0,0,0,-7,0,0,0,-48,0]} 1. e4 e6 2. d4 d5 3. Nc3 Bb4 4. e5 c5 5. a3 Ba5 6. b4 cxd4 7. Qg4 Kf8 {C18: French: 3 Nc3 Bb4: Main line: 7 h4 and 7 Qg4} 8. Nb5 Bb6 9. Nf3 Nc6 {The position is equal.} 10. Bb2 Nge7 11. Nbxd4 (11. Bd3 Ng6 12. Qg3 f6 13. Bxg6 hxg6 14. Nbxd4 Nxe5 15. Nxe5 fxe5 {½-½ (24) Grischuk,A (2766)-Mamedyarov,S (2801) Saint Louis 2018}) 11... Bxd4 12. Bxd4 Nxd4 13. Qxd4 Qb6 {[#]} 14. Qb2 $146 ({Predecessor:} 14. Qd2 Bd7 15. Bd3 {½-½ (27) Bok,B (2590)-Berelowitsch,A (2549) Belgium 2014}) 14... Bd7 15. a4 Rc8 16. Bd3 Nc6 17. b5 Kg8 18. h4 Qa5+ 19. c3 Ne7 (19... Qb6 $142) 20. Rc1 $1 $16 Ng6 (20... Qxa4 $16 21. Ra1 Qg4) 21. h5 $18 Nf4 22. Bf1 $1 d4 23. Nxd4 Nd5 (23... Rc5 $142) 24. Bd3 Nf4 25. Qd2 Nxd3+ 26. Qxd3 Qxa4 27. h6 Qc4 (27... gxh6 $142 28. Rxh6 Qa3) 28. Qe3 g6 29. Qg5 Kf8 30. Rh3 $2 (30. Qf6 $18 {and White stays clearly on top.} Rg8 31. Rh4) 30... Qc5 (30... Ke8 $16) 31. Rf3 (31. Qf6 $6 Rg8) 31... Qe7 32. Rf6 Ke8 33. Qe3 (33. Kf1 $142) 33... Qc5 $16 34. c4 $36 {[%mdl 2048] Keeping Black busy.} g5 (34... Qb4+ $16 35. Kf1 Rxc4 36. Rxc4 Qxc4+ 37. Kg1 b6) 35. Ke2 (35. Kf1 $18) 35... Rg8 36. g4 (36. Qe4 $16 {Hoping for Rxf7!} Rg6 37. Kf1) 36... Rg6 $2 (36... a6 $11 {and Black is okay.}) 37. Rxg6 $1 $18 fxg6 38. Rc3 ({White should play} 38. Nf3 $18) 38... Qb4 $1 $14 39. Qd3 (39. Nc2 $1 $14 Qb2 40. Kd2) 39... Qf8 $2 {[#]} (39... Qc5 $1 $11 {and Black stays safe.}) 40. Qe4 $2 (40. Nf3 $1 $18) 40... Qb4 $11 41. Kd3 Qb1+ 42. Ke3 Qb4 $1 {[%cal Rb4c3]} (42... Qe1+ 43. Ne2 $16) 43. Kd3 Qb1+ 44. Rc2 Rc7 45. Kd2 {[#]} (45. Qf3 $11 {remains equal.} Qf1+ 46. Ke4) 45... Rxc4 $1 $17 {[%mdl 576] Pin} 46. Qe3 {[#]} (46. Qd3 $17 Qb4+ 47. Ke3) (46. Rxc4 Qxe4) 46... Ra4 $1 $19 {And now ...Qb4+ would win.} 47. Ne2 Ra2 ({Resist} 47... Bxb5 48. Qc5 $19) ({Much less strong is} 47... Rxg4 48. Qd3 $19) (47... Qb4+ $19 48. Qc3 Qxb5) 48. Nd4 (48. Qc5 $17 {is a better defense.}) 48... Qb4+ $2 ({Better is} 48... Ra1 $19 49. Qc3 Qg1) 49. Qc3 $11 Rxc2+ 50. Kxc2 Qf8 51. f3 Qxh6 {Threatens to win with ...Qh2+.} 52. Qc7 Qf8 53. Qxb7 Qc5+ 54. Kd3 h5 {Black wants to play ...h4.} 55. Qb8+ Kf7 56. Qb7 $1 {[%cal Rb7d7]} Ke8 57. Qb8+ Kf7 {...h4 is the strong threat.} 58. Qb7 $1 {[%cal Rb7d7]} Ke8 {Accuracy: White = 59%, Black = 49%.} 1/2-1/2

[Event "5th EKA IIFL Investment 2019"]
[Site "Mumbai"]
[Date "2020.01.06"]
[Round "8.3"]
[White "Taher, Yoseph Theolifus"]
[Black "Yakubboev, Nodirbek"]
[Result "0-1"]
[WhiteElo "2469"]
[BlackElo "2592"]
[Annotator "TA"]
[PlyCount "114"]
[EventDate "2019.12.30"]
[EventType "swiss"]
[EventCountry "IND"]
[SourceTitle "playchess.com"]
[Source "ChessBase"]
[SourceQuality "1"]

{[%evp 13,114,14,25,0,0,-8,-6,-11,-9,-21,-24,-15,-16,-28,-24,-18,0,0,0,0,0,-15,-7,-8,-8,-10,-12,-12,-12,-12,-12,-12,-10,-11,-1,-19,-16,-45,-45,-45,-45,-68,-61,-73,-64,-65,-65,-97,-79,-125,-54,-54,-54,-54,-54,-41,0,0,0,0,0,-49,-49,-49,-49,-65,-43,-179,-179,-905,-889,-869,-778,-842,-813,-723,-618,-1428,-1450,-1322,-1245,-1439,-1423,-1252,-1223,-2326,-2286,-29980,-29982,-29982,-29983,-29983,-29984,-29984,-29985,-29984,-5189,-29983,-29984,-29986,-29987,-29986,-29987]} 1. Nf3 Nf6 2. g3 b5 3. Bg2 Bb7 4. O-O e6 5. d3 c5 6. e4 d6 7. a4 b4 8. b3 {A05: Réti Opening: 1 Nf3 Nf6} (8. a5 Be7 9. Nbd2 O-O 10. Nc4 Nbd7 11. Bf4 d5 12. a6 Bc6 13. Na5 Bb5 14. e5 Ne8 15. c4 bxc3 16. bxc3 {1-0 (30) Amin,B (2704)-Nihal,S (2598) Brest 2019}) 8... g6 $146 ({Predecessor:} 8... Be7 9. Bb2 O-O 10. Nbd2 Nc6 11. Qe2 Nd7 12. Nc4 Re8 13. Rae1 Rc8 14. Ba1 Ba6 15. Qd1 Bxc4 16. dxc4 {0-1 (43) Cuhendi,S (2429)-Ghaem Maghami,E (2537) Makati 2018}) 9. Bb2 Bg7 10. Nbd2 {The position is equal.} O-O 11. Rb1 Nc6 12. Nc4 d5 13. exd5 Nxd5 14. Nfe5 Nd4 15. Bxd4 cxd4 16. Qg4 Nf6 17. Qe2 Bd5 18. Rbe1 Rc8 19. f4 Qc7 20. Qd2 Qc5 21. Qe2 Rc7 22. Kh1 Rd8 23. Bf3 Rdc8 24. Rf2 Ne8 {...f6 is the strong threat.} 25. Bg2 h5 26. Kg1 Bf6 27. Kf1 Ng7 28. Bh3 Nf5 29. Bxf5 $1 exf5 30. Nf3 Re7 31. Qd1 {[#]} Rce8 (31... Re3 $1 $17 {[%mdl 512]} 32. Kg2 (32. Nxe3 dxe3) 32... h4) 32. Rxe7 $1 $15 Rxe7 33. Nfe5 Ba8 34. Re2 Bxe5 35. Nxe5 Re6 {White must now prevent ...f6.} 36. Kf2 g5 37. Nf3 Bxf3 38. Kxf3 {[%mdl 4096] Endgame KQR-KQR} g4+ 39. Kf2 Qd5 40. Ke1 {[#]} (40. Rxe6 $15 fxe6 41. Qe2) 40... h4 $1 $19 {[%mdl 512]} 41. Kd2 $2 (41. Rxe6 fxe6 42. Qe2) (41. gxh4 Qh1+) 41... hxg3 42. hxg3 {[#]} Qf3 $1 {[%cal Rf3g3]} 43. Qe1 Rxe2+ {[%mdl 64] Overworked Piece} 44. Qxe2 Qxg3 {KQ-KQ} 45. Qe8+ Kg7 46. Qe5+ {[#]} Kg6 $1 47. Qd6+ Kh5 {( -> ...Qe3+)} 48. Qxd4 Qh2+ 49. Ke1 g3 50. Qxa7 Kg4 51. Qxf7 Qf2+ 52. Kd1 Qf1+ 53. Kd2 Qxf4+ 54. Ke2 Qf2+ 55. Kd1 g2 {[%cal Rg2g1] Black mates.} 56. Qg6+ Kh3 57. Qh5+ Qh4 {Accuracy: White = 39%, Black = 85%.} 0-1

[Event "5th EKA IIFL Investment 2019"]
[Site "Mumbai"]
[Date "2020.01.06"]
[Round "8.4"]
[White "Bogdanovich, Stanislav"]
[Black "Nitin, S.."]
[Result "1-0"]
[WhiteElo "2562"]
[BlackElo "2329"]
[Annotator "RC"]
[PlyCount "69"]
[EventDate "2019.12.30"]
[EventType "swiss"]
[EventCountry "IND"]
[SourceTitle "playchess.com"]
[Source "ChessBase"]
[SourceQuality "1"]
[TimeControl "40/5400+30:1800+30"]

1. d4 {[%emt 0:02:42]} Nf6 {[%emt 0:00:05]} 2. c4 {[%emt 0:00:03]} g6 {[%emt 0:00:15]} 3. Nc3 {[%emt 0:00:03]} Bg7 {[%emt 0:00:09]} 4. e4 {[%emt 0:00:04]} d6 {[%emt 0:00:10]} 5. h3 {[%emt 0:00:06]} O-O {[%emt 0:00:20]} 6. Be3 {[%emt 0:00:04]} Na6 {[%emt 0:02:51]} 7. Nf3 {[%emt 0:00:26]} c6 {[%emt 0:00:14]} 8. g4 {[%emt 0:00:23]} e5 {[%emt 0:03:05]} 9. d5 {[%emt 0:00:05]} Nc5 {[%emt 0:01:16]} 10. Nd2 {[%emt 0:02:19]} a5 {[%emt 0:05:15]} 11. Be2 {[%emt 0:02:13]} Bd7 {[%emt 0:02:34]} 12. Rc1 {[%emt 0:01:38]} a4 {[%emt 0:01:12]} 13. g5 {[%emt 0:06:29]} Ne8 {[%emt 0:02:23]} 14. h4 {[%emt 0:00:12]} Nc7 {[%emt 0:07:37]} 15. h5 {[%emt 0:02:11]} N7a6 {[%emt 0:07:52]} 16. Nf1 {[%emt 0:13:45]} Qa5 {[%emt 0:11:59]} 17. Qd2 {[%emt 0:02:28]} a3 {[%emt 0:06:12]} 18. b3 {[%emt 0:02:36]} Nb4 {[%emt 0:00:16]} 19. Ng3 {[%emt 0:03:39]} cxd5 {[%emt 0:19:47]} 20. h6 {[%emt 0:08:02]} Bh8 {[%emt 0:09:10]} 21. Nxd5 {[%emt 0:00:03]} Nxd5 {[%emt 0:00:04]} 22. Qxa5 {[%emt 0:01:16]} Rxa5 {[%emt 0:00:09]} 23. cxd5 {[%emt 0:01:42]} Raa8 {[%emt 0:02:20]} 24. Bxc5 {[%emt 0:02:54]} dxc5 {[%emt 0:00:27]} 25. Rxc5 {[%emt 0:00:03]} Rfc8 {[%emt 0:00:21]} 26. Rxc8+ {[%emt 0:01:12]} Rxc8 {[%emt 0:00:04]} 27. Kd2 {[%emt 0:00:16]} f6 {[%emt 0:00:12]} 28. Nf1 {[%emt 0:05:33]} fxg5 {[%emt 0:00:37]} 29. Ne3 {[%emt 0:00:06]} Bf6 {[%emt 0:04:19]} 30. Bg4 {[%emt 0:01:47]} Bxg4 {[%emt 0:00:23]} 31. Nxg4 {[%emt 0:00:04]} Be7 {[%emt 0:00:06]} 32. Rc1 {[%emt 0:01:28]} Rxc1 {[%emt 0:00:17]} 33. Kxc1 {[%emt 0:00:04]} Bd6 {[%emt 0:00:04]} 34. Kc2 {[%emt 0:00:57]} b5 {[%emt 0:03:43]} 35. Kc3 {[%emt 0:02:21]} 1-0

[Event "5th EKA IIFL Investment 2019"]
[Site "Mumbai"]
[Date "2020.01.06"]
[Round "8.5"]
[White "Neverov, Valeriy"]
[Black "Tukhaev, Adam"]
[Result "1/2-1/2"]
[WhiteElo "2460"]
[BlackElo "2552"]
[Annotator "RC"]
[PlyCount "93"]
[EventDate "2019.12.30"]
[EventType "swiss"]
[EventCountry "IND"]
[SourceTitle "playchess.com"]
[Source "ChessBase"]
[SourceQuality "1"]
[TimeControl "40/5400+30:1800+30"]

1. d4 {[%emt 0:00:00]} d5 {[%emt 0:00:11]} 2. c4 {[%emt 0:00:00]} dxc4 {[%emt 0:00:16]} 3. e4 {[%emt 0:06:22]} b5 {[%emt 0:01:25]} 4. a4 {[%emt 0:04:19]} c6 {[%emt 0:00:48]} 5. axb5 {[%emt 0:07:19]} cxb5 {[%emt 0:02:43]} 6. b3 {[%emt 0:14:11]} e5 {[%emt 0:00:36]} 7. Nf3 {[%emt 0:00:49]} exd4 {[%emt 0:18:22]} 8. bxc4 {[%emt 0:04:56]} b4 {[%emt 0:01:59]} 9. Nbd2 {[%emt 0:02:42]} Nc6 {[%emt 0:05:32]} 10. Nb3 {[%emt 0:02:49]} Nf6 {[%emt 0:05:58]} 11. c5 {[%emt 0:02:46]} Be7 {[%emt 0:05:44]} 12. Bb5 {[%emt 0:02:59]} Bd7 {[%emt 0:01:59]} 13. Qd3 {[%emt 0:04:43]} O-O {[%emt 0:03:19]} 14. O-O {[%emt 0:01:10]} Qc7 {[%emt 0:10:06]} 15. Re1 {[%emt 0:00:26]} Ne5 {[%emt 0:12:59]} 16. Nxe5 {[%emt 0:01:31]} Bxb5 {[%emt 0:00:04]} 17. Qxb5 {[%emt 0:00:55]} Qxe5 {[%emt 0:00:03]} 18. h3 {[%emt 0:10:50]} d3 {[%emt 0:10:25]} 19. Bd2 {[%emt 0:04:24]} Rfd8 {[%emt 0:04:00]} 20. Qxb4 {[%emt 0:12:08]} Rab8 {[%emt 0:00:39]} 21. Qc4 {[%emt 0:00:25]} Qe6 {[%emt 0:03:38]} 22. Qxe6 fxe6 {[%emt 0:00:04]} 23. Rxa7 {[%emt 0:08:51]} Rxb3 {[%emt 0:00:05]} 24. Rxe7 {[%emt 0:00:03]} Rb2 {[%emt 0:00:03]} 25. Be3 {[%emt 0:00:53]} Nxe4 {[%emt 0:01:44]} 26. c6 {[%emt 0:00:14]} Rc2 {[%emt 0:02:48]} 27. Rxe6 {[%emt 0:05:34]} d2 {[%emt 0:00:38]} 28. Rd1 {[%emt 0:00:07]} Rc1 {[%emt 0:01:16]} 29. Rxc1 {[%emt 0:00:03]} dxc1=Q+ {[%emt 0:00:06]} 30. Bxc1 {[%emt 0:00:02]} Rd1+ {[%emt 0:00:08]} 31. Kh2 {[%emt 0:00:02]} Rxc1 {[%emt 0:00:07]} 32. Rxe4 {[%emt 0:00:29]} Rxc6 33. g4 {[%emt 0:02:24]} Kf7 {[%emt 0:00:15]} 34. h4 {[%emt 0:00:29]} Rc3 {[%emt 0:03:37]} 35. Kg2 {[%emt 0:00:07]} h6 {[%emt 0:01:21]} 36. Re5 {[%emt 0:00:55]} Ra3 {[%emt 0:00:41]} 37. f3 {[%emt 0:00:10]} Rb3 {[%emt 0:00:41]} 38. Kg3 {[%emt 0:00:03]} Ra3 {[%emt 0:00:33]} 39. h5 {[%emt 0:01:23]} Ra4 {[%emt 0:00:38]} 40. Re4 {[%emt 0:00:00]} Ra3 {[%emt 0:00:00]} 41. Kf4 {[%emt 0:01:19]} Kf6 {[%emt 0:03:51]} 42. Rd4 {[%emt 0:03:08]} Ra6 {[%emt 0:01:27]} 43. Ke4 {[%emt 0:00:26]} Ra1 {[%emt 0:03:55]} 44. Rd6+ {[%emt 0:00:59]} Ke7 {[%emt 0:00:19]} 45. Rc6 {[%emt 0:05:27]} Kf7 {[%emt 0:00:27]} 46. Rc4 {[%emt 0:00:19]} Kf6 {[%emt 0:00:53]} 47. Rc6+ {Ke5+} 1/2-1/2

[Event "5th EKA IIFL Investment 2019"]
[Site "Mumbai"]
[Date "2020.01.06"]
[Round "8.6"]
[White "Chanda, Sandipan"]
[Black "Mohammad Fahad, Rahman"]
[Result "1-0"]
[WhiteElo "2545"]
[BlackElo "2294"]
[Annotator "RC"]
[PlyCount "53"]
[EventDate "2019.12.30"]
[EventType "swiss"]
[EventCountry "IND"]
[SourceTitle "playchess.com"]
[Source "ChessBase"]
[SourceQuality "1"]
[TimeControl "40/5400+30:1800+30"]

1. d4 {[%emt 0:00:00]} Nf6 {[%emt 0:00:00]} 2. c4 {[%emt 0:00:00]} e6 {[%emt 0:00:00]} 3. Nc3 {[%emt 0:00:00]} Bb4 {[%emt 0:00:05]} 4. e3 {[%emt 0:00:00]} O-O {[%emt 0:00:12]} 5. Bd2 {[%emt 0:00:12]} d5 {[%emt 0:00:29]} 6. Nf3 {[%emt 0:00:11]} b6 {[%emt 0:00:11]} 7. cxd5 {[%emt 0:00:14]} exd5 {[%emt 0:00:09]} 8. Bd3 {[%emt 0:00:12]} Bb7 {[%emt 0:00:58]} 9. O-O {[%emt 0:02:05]} Bd6 {[%emt 0:02:52]} 10. Qb1 {[%emt 0:00:22]} Re8 {[%emt 0:01:48]} 11. b4 {[%emt 0:00:19]} a6 {[%emt 0:21:51]} 12. b5 {[%emt 0:00:18]} axb5 {[%emt 0:05:12]} 13. Nxb5 {[%emt 0:00:10]} Bf8 {[%emt 0:00:54]} 14. Ng5 {[%emt 0:00:16]} g6 {[%emt 0:03:30]} 15. f4 {[%emt 0:00:08]} Nbd7 {[%emt 0:14:32]} 16. f5 {[%emt 0:12:53]} Bh6 {[%emt 0:02:34]} 17. e4 Nxe4 {[%emt 0:17:32]} 18. fxg6 {[%emt 0:41:15]} Nxd2 {[%emt 0:02:04]} 19. gxf7+ {[%emt 0:01:04]} Kg7 {[%emt 0:01:06]} 20. Nxc7 {[%emt 0:01:52]} Qxc7 {[%emt 0:12:48]} 21. fxe8=N+ {[%emt 0:00:13]} Rxe8 {[%emt 0:00:08]} 22. Rf7+ {[%emt 0:00:25]} Kh8 {[%emt 0:04:45]} 23. Qd1 {[%emt 0:03:00]} Bg7 {[%emt 0:02:49]} 24. Qh5 {[%emt 0:06:30]} Bxd4+ {[%emt 0:00:17]} 25. Kh1 {[%emt 0:00:04]} Nf6 {[%emt 0:00:05]} 26. Rxf6 {[%emt 0:00:27]} Qe7 {[%emt 0:01:05]} 27. Nf7+ {[%emt 0:00:31]} 1-0

[Event "5th EKA IIFL Investment 2019"]
[Site "Mumbai"]
[Date "2020.01.06"]
[Round "8.7"]
[White "Yudin, Sergei"]
[Black "Abdisalimov, Abdimalik"]
[Result "0-1"]
[WhiteElo "2497"]
[BlackElo "2394"]
[Annotator "RC"]
[PlyCount "120"]
[EventDate "2019.12.30"]
[EventType "swiss"]
[EventCountry "IND"]
[SourceTitle "playchess.com"]
[Source "ChessBase"]
[SourceQuality "1"]
[TimeControl "40/5400+30:1800+30"]

1. e4 {[%emt 0:02:41]} c5 {[%emt 0:01:08]} 2. Nf3 {[%emt 0:00:09]} d6 {[%emt 0:00:04]} 3. d4 {[%emt 0:00:05]} cxd4 {[%emt 0:00:04]} 4. Qxd4 {[%emt 0:00:07]} a6 {[%emt 0:02:30]} 5. h3 {[%emt 0:02:08]} Nc6 {[%emt 0:00:15]} 6. Qe3 {[%emt 0:00:07]} Nf6 {[%emt 0:04:52]} 7. Be2 {[%emt 0:01:56]} g6 {[%emt 0:07:14]} 8. O-O {[%emt 0:00:34]} Bg7 {[%emt 0:00:03]} 9. c4 {[%emt 0:06:48]} O-O {[%emt 0:00:26]} 10. Nc3 {[%emt 0:00:18]} Nd7 {[%emt 0:00:28]} 11. b3 {[%emt 0:00:07]} Nde5 {[%emt 0:05:46]} 12. Rd1 {[%emt 0:04:26]} Nxf3+ {[%emt 0:00:17]} 13. Bxf3 {[%emt 0:00:19]} Rb8 {[%emt 0:00:35]} 14. Bb2 {[%emt 0:06:11]} Qa5 {[%emt 0:00:07]} 15. a3 {[%emt 0:06:24]} Qc5 {[%emt 0:05:12]} 16. Qd3 {[%emt 0:00:34]} Ne5 {[%emt 0:16:57]} 17. Qe2 {[%emt 0:00:12]} Be6 {[%emt 0:00:51]} 18. Rac1 {[%emt 0:00:25]} Qb6 {[%emt 0:00:41]} 19. Qc2 {[%emt 0:00:42]} Nxf3+ {[%emt 0:02:35]} 20. gxf3 Bxh3 {[%emt 0:00:41]} 21. Nd5 {[%emt 0:00:03]} Qd8 {[%emt 0:00:14]} 22. Bxg7 {[%emt 0:01:42]} Kxg7 {[%emt 0:02:26]} 23. e5 {[%emt 0:02:00]} dxe5 {[%emt 0:05:51]} 24. Qc3 {[%emt 0:00:16]} f6 {[%emt 0:04:56]} 25. Nxf6 {[%emt 0:00:52]} Qc8 {[%emt 0:00:05]} 26. Ne4 {[%emt 0:03:03]} Qf5 {[%emt 0:02:23]} 27. Rd3 {[%emt 0:02:30]} Rbd8 {[%emt 0:08:28]} 28. Re3 {[%emt 0:02:26]} Rd4 {[%emt 0:08:16]} 29. Rce1 {[%emt 0:05:32]} Rxe4 {[%emt 0:00:51]} 30. Rxe4 {[%emt 0:00:12]} Qg5+ {[%emt 0:00:05]} 31. Rg4 {[%emt 0:00:06]} Bxg4 {[%emt 0:00:03]} 32. fxg4 {[%emt 0:00:06]} Qxg4+ {[%emt 0:00:04]} 33. Kf1 {[%emt 0:00:05]} Rf6 {[%emt 0:10:17]} 34. Qxe5 {[%emt 0:00:16]} Qh3+ {[%emt 0:06:41]} 35. Kg1 {[%emt 0:00:12]} e6 {[%emt 0:01:18]} 36. Qd4 {[%emt 0:08:01]} h5 {[%emt 0:04:28]} 37. Re3 {[%emt 0:02:37]} Qf5 {[%emt 0:00:05]} 38. Re5 {[%emt 0:00:06]} Qh3 {[%emt 0:00:20]} 39. Qd7+ {[%emt 0:00:39]} Kh6 {[%emt 0:00:06]} 40. Qd2+ {[%emt 0:00:00]} Kg7 {[%emt 0:00:00]} 41. Qd7+ {[%emt 0:04:25]} Rf7 {[%emt 0:00:28]} 42. Qd4 {[%emt 0:00:55]} Kh7 {[%emt 0:01:28]} 43. Re3 {[%emt 0:07:59]} Qf5 {[%emt 0:00:36]} 44. Re4 {[%emt 0:00:13]} Qg5+ {[%emt 0:02:18]} 45. Kf1 {[%emt 0:01:06]} Qc1+ {[%emt 0:01:52]} 46. Kg2 {[%emt 0:00:07]} Qxa3 {[%emt 0:00:53]} 47. Rxe6 {[%emt 0:00:14]} Qxb3 {[%emt 0:00:18]} 48. Qe4 {[%emt 0:00:05]} Rg7 {[%emt 0:00:08]} 49. Re5 {[%emt 0:00:51]} Qd1 {[%emt 0:00:17]} 50. f3 {[%emt 0:00:02]} Qd2+ {[%emt 0:01:18]} 51. Kh3 {[%emt 0:00:14]} Kh6 {[%emt 0:01:53]} 52. Rd5 {[%emt 0:00:26]} Qc1 {[%emt 0:00:57]} 53. Rd8 {[%emt 0:04:32]} Kh7 {[%emt 0:11:43]} 54. Rf8 {[%emt 0:11:32]} Qc3 {[%emt 0:05:23]} 55. Rb8 {[%emt 0:02:02]} Qb3 {[%emt 0:00:40]} 56. c5 {[%emt 0:00:15]} Qf7 {[%emt 0:00:39]} 57. Kg2 {[%emt 0:00:16]} Qe7 {[%emt 0:00:51]} 58. Qd4 {[%emt 0:00:19]} Qd7 {[%emt 0:00:29]} 59. Qf6 {[%emt 0:00:27]} Qe7 {[%emt 0:00:59]} 60. Qd4 {[%emt 0:00:44]} Rg8 {[%emt 0:00:37]} 0-1

[Event "5th EKA IIFL Investment 2019"]
[Site "Mumbai"]
[Date "2020.01.06"]
[Round "8.8"]
[White "Sardana, Rishi"]
[Black "Manik, Mikulas"]
[Result "1-0"]
[WhiteElo "2428"]
[BlackElo "2379"]
[Annotator "RC"]
[PlyCount "36"]
[EventDate "2019.12.30"]
[EventType "swiss"]
[EventCountry "IND"]
[SourceTitle "playchess.com"]
[Source "ChessBase"]
[SourceQuality "1"]
[TimeControl "40/5400+30:1800+30"]

1. f4 {[%emt 0:00:00]} d5 {[%emt 0:00:00]} 2. Nf3 {[%emt 0:00:02]} g6 {[%emt 0:00:43]} 3. g3 {[%emt 0:00:06]} Bg7 {[%emt 0:00:46]} 4. Bg2 {[%emt 0:00:08]} c5 {[%emt 0:03:23]} 5. O-O {[%emt 0:00:14]} Nh6 {[%emt 0:02:11]} 6. d3 {[%emt 0:00:10]} d4 {[%emt 0:00:16]} 7. c3 {[%emt 0:00:41]} O-O {[%emt 0:03:15]} 8. e4 {[%emt 0:01:17]} dxe3 {[%emt 0:00:47]} 9. Bxe3 {[%emt 0:00:07]} Qc7 {[%emt 0:00:53]} 10. Na3 {[%emt 0:06:21]} Ng4 {[%emt 0:03:47]} 11. Qe2 {[%emt 0:04:17]} Nd7 {[%emt 0:06:40]} 12. Bd2 {[%emt 0:02:03]} e5 {[%emt 0:05:14]} 13. Nc4 {[%emt 0:09:16]} exf4 {[%emt 0:06:46]} 14. Bxf4 {[%emt 0:00:23]} Qd8 {[%emt 0:00:03]} 15. Rae1 {[%emt 0:16:23]} b5 {[%emt 0:09:35]} 16. Nd6 {[%emt 0:03:20]} Ndf6 {[%emt 0:13:42]} 17. Ng5 {[%emt 0:05:28]} Bd7 {[%emt 0:00:45]} 18. Ngxf7 {[%emt 0:07:27]} Qb6 {[%emt 0:00:55]} 1-0

[Event "5th EKA IIFL Investment 2019"]
[Site "Mumbai"]
[Date "2020.01.06"]
[Round "8.9"]
[White "Puranik, Abhimanyu"]
[Black "Eraschenkov, Denis"]
[Result "1-0"]
[WhiteElo "2580"]
[BlackElo "2386"]
[Annotator "RC"]
[PlyCount "76"]
[EventDate "2019.12.30"]
[EventType "swiss"]
[EventCountry "IND"]
[SourceTitle "playchess.com"]
[Source "ChessBase"]
[SourceQuality "1"]
[TimeControl "40/5400+30:1800+30"]

1. c4 {[%emt 0:00:00]} e5 {[%emt 0:00:00]} 2. g3 {[%emt 0:00:00]} Nf6 {[%emt 0:00:06]} 3. Bg2 {[%emt 0:00:13]} Nc6 {[%emt 0:04:44]} 4. Nf3 {[%emt 0:01:10]} Bc5 {[%emt 0:04:44]} 5. O-O {[%emt 0:02:45]} d6 {[%emt 0:00:33]} 6. Nc3 {[%emt 0:01:02]} O-O {[%emt 0:10:56]} 7. d3 {[%emt 0:00:44]} h6 {[%emt 0:01:45]} 8. b3 {[%emt 0:01:44]} Bg4 {[%emt 0:06:34]} 9. h3 {[%emt 0:05:20]} Bh5 {[%emt 0:13:00]} 10. Bb2 {[%emt 0:11:06]} Nd7 {[%emt 0:06:07]} 11. Ne4 {[%emt 0:16:52]} Bxf3 {[%emt 0:15:53]} 12. Bxf3 {[%emt 0:00:12]} Bd4 {[%emt 0:00:09]} 13. Nc3 {[%emt 0:01:06]} f5 {[%emt 0:03:00]} 14. e3 {[%emt 0:00:52]} Bb6 {[%emt 0:00:12]} 15. Nd5 {[%emt 0:02:03]} Nf6 {[%emt 0:00:42]} 16. b4 {[%emt 0:02:11]} Nxd5 {[%emt 0:05:43]} 17. Bxd5+ {[%emt 0:00:21]} Kh8 {[%emt 0:00:31]} 18. b5 {[%emt 0:03:37]} Na5 {[%emt 0:01:51]} 19. Bc3 {[%emt 0:12:10]} c6 {[%emt 0:02:02]} 20. bxc6 {[%emt 0:00:42]} Nxc6 {[%emt 0:02:45]} 21. Kh2 {[%emt 0:03:02]} Rc8 {[%emt 0:02:56]} 22. Rb1 {[%emt 0:03:03]} Qe7 {[%emt 0:06:41]} 23. Qf3 {[%emt 0:06:56]} f4 {[%emt 0:05:11]} 24. Qe4 {[%emt 0:01:30]} fxe3 {[%emt 0:00:44]} 25. fxe3 {[%emt 0:00:06]} Qg5 {[%emt 0:01:46]} 26. Bd2 {[%emt 0:02:45]} Ne7 {[%emt 0:01:53]} 27. Be6 {[%emt 0:01:35]} Rb8 {[%emt 0:00:46]} 28. Bf7 {[%emt 0:02:52]} g6 {[%emt 0:00:29]} 29. Rf3 {[%emt 0:07:07]} Nf5 {[%emt 0:01:02]} 30. Bd5 {[%emt 0:01:07]} Nd4 {[%emt 0:00:38]} 31. Rxf8+ {[%emt 0:04:08]} Rxf8 {[%emt 0:00:05]} 32. Qg2 {[%emt 0:01:43]} Nf5 {[%emt 0:01:11]} 33. Rf1 {[%emt 0:00:25]} Kg7 {[%emt 0:00:47]} 34. e4 {[%emt 0:01:29]} Be3 {[%emt 0:00:48]} 35. exf5 {[%emt 0:01:54]} Bxd2 {[%emt 0:00:07]} 36. h4 {[%emt 0:00:43]} Qe3 {[%emt 0:00:18]} 37. Rf3 {[%emt 0:01:34]} Qe1 {[%emt 0:00:19]} 38. fxg6 {[%emt 0:00:19]} Rg8 1-0

[Event "5th EKA IIFL Investment 2019"]
[Site "Mumbai"]
[Date "2020.01.06"]
[Round "8.10"]
[White "David, Alberto"]
[Black "Czebe, Attila"]
[Result "1-0"]
[WhiteElo "2545"]
[BlackElo "2374"]
[Annotator "RC"]
[PlyCount "49"]
[EventDate "2019.12.30"]
[EventType "swiss"]
[EventCountry "IND"]
[SourceTitle "playchess.com"]
[Source "ChessBase"]
[SourceQuality "1"]
[TimeControl "40/5400+30:1800+30"]

1. d4 {[%emt 0:00:00]} Nf6 {[%emt 0:02:13]} 2. c4 {[%emt 0:00:00]} g6 {[%emt 0:00:11]} 3. Nc3 {[%emt 0:01:32]} Bg7 {[%emt 0:00:04]} 4. e4 {[%emt 0:00:03]} O-O {[%emt 0:00:04]} 5. f3 {[%emt 0:04:41]} c6 {[%emt 0:01:29]} 6. h4 {[%emt 0:13:45]} d6 {[%emt 0:10:51]} 7. Nge2 {[%emt 0:04:53]} e5 {[%emt 0:00:13]} 8. d5 cxd5 {[%emt 0:00:16]} 9. cxd5 {[%emt 0:00:46]} Nh5 {[%emt 0:02:49]} 10. g4 {[%emt 0:01:07]} Nf4 {[%emt 0:00:04]} 11. Nxf4 {[%emt 0:01:26]} exf4 {[%emt 0:00:16]} 12. Bxf4 {[%emt 0:00:21]} f5 {[%emt 0:01:06]} 13. gxf5 {[%emt 0:03:34]} gxf5 {[%emt 0:00:03]} 14. Qd2 {[%emt 0:01:53]} fxe4 {[%emt 0:00:04]} 15. O-O-O {[%emt 0:01:07]} Qf6 {[%emt 0:04:15]} 16. Bg5 {[%emt 0:03:38]} Qe5 {[%emt 0:00:05]} 17. Rg1 {[%emt 0:04:38]} Bf5 {[%emt 0:02:03]} 18. Be3 {[%emt 0:06:24]} Bg6 {[%emt 0:01:00]} 19. f4 {[%emt 0:00:38]} Qe7 {[%emt 0:05:29]} 20. Bh3 {[%emt 0:01:04]} Nd7 {[%emt 0:03:24]} 21. h5 {[%emt 0:08:17]} Bxh5 {[%emt 0:00:02]} 22. Be6+ {[%emt 0:00:06]} Kh8 {[%emt 0:02:44]} 23. Rxg7 {[%emt 0:00:13]} Qxg7 {[%emt 0:00:10]} 24. Rg1 {[%emt 0:00:10]} Bg6 {[%emt 0:00:02]} 25. Bd4 {[%emt 0:00:46]} 1-0